| 000 | 01236nam a2200313 i 4500 | ||
|---|---|---|---|
| 001 | 179596 | ||
| 003 | ES-MaACL | ||
| 005 | 20240207192438.0 | ||
| 008 | 111223r20101938sp |||| |dspa d | ||
| 020 | _a978-84-96913-31-8 | ||
| 080 | _a94(460.27 M.)"1936/39" | ||
| 100 | 1 |
_aFalcón, César. _9148830 |
|
| 245 | 1 | 0 |
_aMadrid / _cCésar Falcón ; prólogos de Antonio Buero Vallejo, Lidia Falcón. |
| 250 | _a2ª ed. facs. | ||
| 260 |
_aBarcelona : _bHacer, _c2010. |
||
| 300 |
_aXLI, 301 p. ; _c21 cm. |
||
| 500 | _aÍndice. | ||
| 505 | 8 |
_aContiene: ; _tReconocerme en sus textos, 1989 / _rLidia Falcón. -- _tMadrid en guerra, 1989 / _rAntonio Buero Vallejo |
|
| 534 |
_pReprod. facsímile de la 1ª ed. de: _cMadrid ; Barcelona : Nuestro Pueblo, 1938. |
||
| 600 | 1 | 4 |
_aFalcón, César. _9148830 |
| 651 | 4 |
_aMadrid- _xHistoria- _y1936-1939. _98964 |
|
| 651 | 4 |
_aEspaña- _xHistoria- _y1936-1939, Guerra civil- _vRelatos personales. _98326 |
|
| 655 | 7 |
_2tgfbne _9226495 _aFacsímiles |
|
| 700 | 1 |
_aBuero Vallejo, Antonio, _d1916-2000 _932421 |
|
| 700 | 1 |
_aFalcón, Lidia, _d1935- _948707 |
|
| 852 |
_aES-MaACL _jA-11758 _9186493 _bR.146535 _cDEPO1 _dOlim: N-4763 |
||
| 942 |
_2udc _cMONOGRAFIA |
||
| 999 |
_c179596 _d179596 |
||